000 00420nam a2200145Ia 4500
008 231129s2008||||xx |||||||||||||| ||spa||
020 _a978-958-716-101-4
040 _bspa
082 _aCo863 G374
100 _aCristo Rafael Figueroa Sánchez
245 0 _aGermán Espinosa: señas del amanuense
260 _c2008
264 _aPontificia Universidad Javeriana
942 _2ddc
_cBKS
999 _c14474
_d14474